<?xml version="1.0" encoding="UTF-8"?><?xml-stylesheet type="text/xsl" href="static/style.xsl"?><OAI-PMH xmlns="http://www.openarchives.org/OAI/2.0/" xmlns:xsi="http://www.w3.org/2001/XMLSchema-instance" xsi:schemaLocation="http://www.openarchives.org/OAI/2.0/ http://www.openarchives.org/OAI/2.0/OAI-PMH.xsd"><responseDate>2026-06-29T02:34:33Z</responseDate><request verb="GetRecord" identifier="oai:docta.ucm.es:20.500.14352/126395" metadataPrefix="marc">https://docta.ucm.es/rest/oai/request</request><GetRecord><record><header><identifier>oai:docta.ucm.es:20.500.14352/126395</identifier><datestamp>2025-11-25T01:18:08Z</datestamp><setSpec>com_20.500.14352_14</setSpec><setSpec>col_20.500.14352_15</setSpec></header><metadata><record xmlns="http://www.loc.gov/MARC21/slim" xmlns:dcterms="http://purl.org/dc/terms/" xmlns:xsi="http://www.w3.org/2001/XMLSchema-instance" xmlns:doc="http://www.lyncode.com/xoai" xsi:schemaLocation="http://www.loc.gov/MARC21/slim http://www.loc.gov/standards/marcxml/schema/MARC21slim.xsd">
   <leader>00925njm 22002777a 4500</leader>
   <datafield ind2=" " ind1=" " tag="042">
      <subfield code="a">dc</subfield>
   </datafield>
   <datafield ind2=" " ind1=" " tag="720">
      <subfield code="a">Ruiz Sanjuan, César</subfield>
      <subfield code="e">author</subfield>
   </datafield>
   <datafield ind2=" " ind1=" " tag="260">
      <subfield code="c">2014</subfield>
   </datafield>
   <datafield ind2=" " ind1=" " tag="520">
      <subfield code="a">En el presente artículo analizamos la concepción marxiana de las crisis en el capitalismo, que sostiene que éstas se derivan de manera necesaria del propio proceso de producción capitalista. Asimismo, delimitamos esta concepción de la del marxismo tradicional, oponiendo la interpretación de las crisis como dispositivos de permanencia del sistema capitalista a la teoría del derrumbe, que establece que las crisis abocan inexorablemente al capitalismo a su hundimiento económico.</subfield>
   </datafield>
   <datafield ind2=" " ind1=" " tag="520">
      <subfield code="a">This paper inquires into the Marxian conception of crises in capi-talism, which holds that crises are derived necessarily from the very process of capitalist production. We also differentiate between this conception and that of traditional Marxism, countering the interpretation of crises as the capitalist system’s devices of permanence with the theory of collapse, which establishes that the crises inevitably end in the economic breakdown of capitalism.</subfield>
   </datafield>
   <datafield ind1="8" ind2=" " tag="024">
      <subfield code="a">Ruiz Sanjuán, C. (2015). El origen de las crisis en la dinámica interna del capitalismo. ENDOXA, (34), 267–286.</subfield>
   </datafield>
   <datafield ind1="8" ind2=" " tag="024">
      <subfield code="a">1133-5351</subfield>
   </datafield>
   <datafield ind1="8" ind2=" " tag="024">
      <subfield code="a">10.5944/endoxa.34.2014.11181</subfield>
   </datafield>
   <datafield ind1="8" ind2=" " tag="024">
      <subfield code="a">https://hdl.handle.net/20.500.14352/126395</subfield>
   </datafield>
   <datafield ind1="8" ind2=" " tag="024">
      <subfield code="a">2174-5676</subfield>
   </datafield>
   <datafield ind1="8" ind2=" " tag="024">
      <subfield code="a">https://doi.org/10.5944/endoxa.34.2014.11181</subfield>
   </datafield>
   <datafield ind1="8" ind2=" " tag="024">
      <subfield code="a">https://revistas.uned.es/index.php/endoxa/article/view/11181</subfield>
   </datafield>
   <datafield ind1="8" ind2=" " tag="024">
      <subfield code="a">https://produccioncientifica.ucm.es/documentos/5d399a28299952068446080e</subfield>
   </datafield>
   <datafield ind2="0" ind1="0" tag="245">
      <subfield code="a">El origen de las crisis en la dinámica interna del capitalismo</subfield>
   </datafield>
   <datafield ind2="0" ind1="0" tag="245">
      <subfield code="a">The origin of crises in the internal dynamics of capitalism</subfield>
   </datafield>
</record></metadata></record></GetRecord></OAI-PMH>